Sexismo en la universidad (Record no. 197502)
[ view plain ]
| 000 -CABECERA | |
|---|---|
| campo de control de longitud fija | 01673nab a2200277 a 4500 |
| 005 - FECHA Y HORA DE LA ÚLTIMA TRANSACCIÓN | |
| campo de control | 20210223133613.0 |
| 008 - ELEMENTOS DE LONGITUD FIJA--INFORMACIÓN GENERAL | |
| campo de control de longitud fija | 991125s1985 mx 000 0 spa u |
| 024 3# - OTRO IDENTIFICADOR NORMALIZADO | |
| Número estándar o código | DOI: 10.24201/es.2017v35n105.1434 |
| 035 ## - NÚMERO DE CONTROL DEL SISTEMA | |
| Número de control de sistema | UPN01000225406 |
| 049 ## - COLECCIÓN | |
| Colección | ART |
| 100 1# - ASIENTO PRINCIPAL--NOMBRE PERSONAL | |
| Nombre de persona | Mingo, Araceli |
| 9 (RLIN) | 29327 |
| 100 1# - ASIENTO PRINCIPAL--NOMBRE PERSONAL | |
| Nombre de persona | Moreno, Hortensia |
| 222 #0 - TÍTULO CLAVE | |
| Título clave | ESTUDIOS SOCIOLOGICOS |
| 245 00 - MENCIÓN DE TÍTULO | |
| Título | Sexismo en la universidad |
| 260 ## - PUBLICACIÓN, DISTRIBUCIÓN, ETC. | |
| Lugar de publicación, distribución, etc. | México |
| 300 ## - DESCRIPCIÓN FÍSICA | |
| Extensión | 571-595 |
| 362 0# - FECHAS DE PUBLICACIÓN Y/O DESIGNACIÓN SECUENCIAL | |
| Fecha de publicación y/o designación secuencial | 2017 Volumen 35, número 105, septiembre-diciembre |
| 520 3# - NOTA DE RESUMEN, ETC. | |
| Sumario, etc. | La noción de performatividad fue introducida en el debate feminista por Judith Butler, quien postula que el género es una producción simbólica llevada a cabo mediante actos de significación. En este artículo nos proponemos analizar el sexismo en la vida cotidiana de la Universidad Nacional Autónoma de México (UNAM) como un fenómeno que tiene lugar en procesos de comunicación que se llevan a cabo en interacciones cara a cara, como actos de habla y performances cuya puesta en escena ritualizada es el mecanismo de su propia realización y reproducción. Analizamos cuatro casos de sexismo para discernir los resortes que están en juego cuando se verifican actos cuyo objetivo es “poner a una persona en su lugar”, reivindicar la supremacía varonil o cosificar a las mujeres como objetos sexuales |
| 653 0# - TERMINO DE INDIZACION - NO CONTROLADO | |
| Término no controlado | SEXISMO |
| 653 0# - TERMINO DE INDIZACION - NO CONTROLADO | |
| Término no controlado | EDUCACION SUPERIOR |
| 653 0# - TERMINO DE INDIZACION - NO CONTROLADO | |
| Término no controlado | UNAM |
| 856 4# - LOCALIZACIÓN Y ACCESO ELECTRÓNICOS | |
| Identificador Uniforme del Recurso | <a href="http://www.redalyc.org/jatsRepo/598/59852757004/html/index.html">http://www.redalyc.org/jatsRepo/598/59852757004/html/index.html</a> |
| 856 4# - LOCALIZACIÓN Y ACCESO ELECTRÓNICOS | |
| Identificador Uniforme del Recurso | <a href="http://estudiossociologicos.colmex.mx/index.php/es/article/view/1434/1603">http://estudiossociologicos.colmex.mx/index.php/es/article/view/1434/1603</a> |
| 856 4# - LOCALIZACIÓN Y ACCESO ELECTRÓNICOS | |
| Identificador Uniforme del Recurso | <a href="https://dialnet.unirioja.es/ejemplar/464905">https://dialnet.unirioja.es/ejemplar/464905</a> |
| 905 ## - TIPO DE MATERIAL | |
| Tipo de material | Articulo |
No items available.
